| 000 | 00869cam a22003013a 4500 | ||
|---|---|---|---|
| 001 | 4558 | ||
| 003 | PGUSA | ||
| 005 | 20140828083058.0 | ||
| 008 | 031001s2003||||xxu|||||s|||||000 1 eng d | ||
| 040 |
_aPGUSA _beng |
||
| 042 | _adc | ||
| 050 | 4 | _aPR | |
| 100 | 1 |
_aThackeray, William Makepeace, _d1811-1863 |
|
| 245 | 1 | 0 |
_aBarry Lyndon _h[electronic resource] / _cWilliam Makepeace Thackeray |
| 260 |
_bProject Gutenberg, _c2003 |
||
| 506 | _aPublic domain in the USA. | ||
| 516 | _aElectronic text | ||
| 653 | _aEurope -- Fiction | ||
| 653 | _aGamblers -- Fiction | ||
| 653 | _aRogues and vagabonds -- Fiction | ||
| 653 | _aIrish -- Foreign countries -- Fiction | ||
| 653 | _aSatire | ||
| 653 | _aHumorous stories | ||
| 653 | _aIreland -- Fiction | ||
| 830 | 0 |
_aProject Gutenberg _v4558 |
|
| 856 | 4 | 0 | _uhttp://www.gutenberg.org/ebooks/4558 |
| 942 | _cEB | ||
| 999 |
_c233887 _d233887 |
||